00686nam a2200241 a 4500001001300000003000900013005001700022008004100039020001200080082001600092100001500108245003500123260004200158300000900200500003500209505001500244650001900259700001500278902000800293942000700301952011900308999001700427nice12345678IN_TiNIC20260116015150.0050524s1974 zona grp 000 0 eng  ac549.700a226.7bLEW1 aLewis, C S aMiraclesb a Preliminary Study aZondervanbHarper San Franciscoc1974 a294p aincludes index and biblioraphy2 aAppendices aBible-Miracles1 aLewis, C S bSRS cBK 001040708StackRoom-aHMIbHMId2007-06-20g549.70l0o226.7 LEW1p11001631r2007-06-20v549.70w2005-05-24yBK c18580d18580